000 00441nam a2200181Ia 4500
001 17923
003 IN-NITTTR
005 20251114233209.0
008 251113s9999||||xx |||||||||||||| ||eng||
040 _beng
040 _cIN-NITTTR
041 _aeng
082 _a004.01 L337A
100 _aLasselle, Joan
245 4 _aThe ABC'S of the IBM PC /
_cLasselle, Joan, Randall, James E.
700 _a Randall, James E.
942 _2ddc
_cBK
999 _c20557
_d20557